Statistiques concernant Les 31 comités Miss France

Cliquez ici pour prendre le quiz!

Statistiques générales

  • Ce quiz a été pris 436 fois
  • Le résultat moyen est 24 sur 31

Statistiques - réponses

Concours Miss France remportésComité% Correct
2Nord-Pas-de-Calais
95%
6Alsace
94%
5Bretagne
94%
15Île-de-France
94%
2Guadeloupe
92%
6Normandie
91%
0Martinique
90%
1Provence
90%
2Bourgogne
84%
1Guyane
84%
2Réunion
84%
7Rhône-Alpes
82%
4Tahiti
82%
6Aquitaine
80%
0Auvergne
80%
5Côte d'Azur
79%
1Corse
78%
1Centre-Val de Loire
77%
3Lorraine
77%
0Mayotte
75%
4Picardie
74%
4Languedoc-Roussillon
72%
3Pays de la Loire
72%
2Franche-Comté
69%
0Limousin
67%
0Champagne-Ardenne
64%
3Midi-Pyrénées
62%
1Nouvelle-Calédonie
58%
0Saint-Pierre-et-Miquelon
54%
2Poitou-Charentes
51%
0Saint-Martin et Saint-Barthélémy
46%

Distribution des résultats

Percentile par nombre de réponses

% des personnes avec chaque résultat

Votre développement - résultats

Vous n’avez pas pris ce quiz